Đánh giá hiệu quả hoạt động của Văn phòng đăng ký đất đai thành phố Cần Thơ : Luận văn tốt nghiệp Cao học. Chuyên ngành Quản lý đất đai

Đánh giá thực trạng công tác cấp giấy chứng nhận quyền sử dụng đất tại Văn phòng đăng ký đất đai thành phố Cần Thơ từ đó tìm ra những thuận lợi và khó khăn làm cơ sở đưa ra giải pháp góp phần hoàn thiện công tác quản lý nhà nước ve...

Full description

Saved in:
Bibliographic Details
Main Author: Nguyễn, Minh Mẫn
Format: Book
Language:Undetermined
Published: Cần Thơ Trường Đại học Cần Thơ 2018
Subjects:
Tags: Add Tag
No Tags, Be the first to tag this record!
Institutions: Trung tâm Học liệu Trường Đại học Cần Thơ
LEADER 01257nam a2200217Ia 4500
001 CTU_228658
008 210402s9999 xx 000 0 und d
082 |a 333.73 
082 |b M121 
088 |a 8850103 
100 |a Nguyễn, Minh Mẫn 
245 0 |a Đánh giá hiệu quả hoạt động của Văn phòng đăng ký đất đai thành phố Cần Thơ : 
245 0 |b Luận văn tốt nghiệp Cao học. Chuyên ngành Quản lý đất đai 
245 0 |c Nguyễn Minh Mẫn ; Võ Quang Minh (Cán bộ hướng dẫn) 
260 |a Cần Thơ 
260 |b Trường Đại học Cần Thơ 
260 |c 2018 
520 |a Đánh giá thực trạng công tác cấp giấy chứng nhận quyền sử dụng đất tại Văn phòng đăng ký đất đai thành phố Cần Thơ từ đó tìm ra những thuận lợi và khó khăn làm cơ sở đưa ra giải pháp góp phần hoàn thiện công tác quản lý nhà nước về đất đai tại thành phố Cần Thơ. 
650 |a Land use,Sử dụng đất 
910 |b nthai 
980 |a Trung tâm Học liệu Trường Đại học Cần Thơ